| 000 | 00777cab a2200253 4500 | ||
|---|---|---|---|
| 001 | WB3229-48 | ||
| 008 | 090401t1996 xxu||||| |||| 00| 0 eng d | ||
| 035 | _a(Sirsi) u60607 | ||
| 041 | _aeng | ||
| 245 | _aSet-aside halved | ||
| 260 | _c1996 | ||
| 350 | _a0 | ||
| 490 |
_aTimes _v25 July 1996, 2 |
||
| 490 |
_aFinancial Times _v25 July 1996, 29(1) |
||
| 520 | _aEuropean Union farm ministers agreed to cut by half the land which farmers have been required to set aside. The decision is in order to ease grain shortages and high produce prices around the world. | ||
| 650 | _aEUROPE | ||
| 650 | _aFARMING POLICIES | ||
| 650 | _aGRAIN PRODUCTION | ||
| 650 | _aSET-ASIDE LAND | ||
| 690 | _aLAND | ||
| 690 | _aRURAL PRACTICE | ||
| 942 | _n0 | ||
| 948 | _c04/03/1997 | ||
| 999 |
_c37417 _d37417 |
||